[Event "Caribean-chT Blitz 24th"]
[Site "San Salvador"]
[Date "2023.07.06"]
[Round "13.1"]
[White "Ramirez Luzon, Franchesca"]
[Black "Argote Heredia, Valentina"]
[Result "0-1"]
[WhiteElo "1687"]
[BlackElo "2128"]
[PlyCount "52"]
[EventDate "2023.07.06"]
[EventType "tourn (blitz)"]
[EventRounds "15"]
[EventCountry "ESA"]
[SourceTitle "CBM 215 Extra"]
[Source "ChessBase"]
[SourceDate "2023.09.30"]
[SourceVersion "1"]
[SourceVersionDate "2023.09.30"]
[SourceQuality "1"]
[WhiteTeam "Dominican Republic"]
[BlackTeam "Colombia"]
[WhiteTeamCountry "DOM"]
[BlackTeamCountry "COL"]

1. e4 c5 2. Nf3 d6 3. Bb5+ Bd7 4. Bxd7+ Qxd7 5. c4 g6 6. d4 cxd4 7. Qxd4 Nf6 8. Nc3 Nc6 9. Qd1 Bg7 10. 0-0 0-0 11. Re1 Rac8 12. h3 Na5 13. b3 a6 14. Bb2 b5 15. cxb5 axb5 16. Qd3 b4 17. Nd5 Nxd5 18. Bxg7 Kxg7 19. Qxd5 Nc6 20. e5 Qf5 21. Nd4 Nxd4 22. Qxd4 dxe5 23. Rxe5 Qf6 24. Qe4 e6 25. Rb5 Qxa1+ 26. Kh2 Qf6 0-1

[Event "Caribean-chT Blitz 24th"]
[Site "San Salvador"]
[Date "2023.07.06"]
[Round "8.1"]
[White "Ramirez Luzon, Franchesca"]
[Black "Wilson, Hannah"]
[Result "1-0"]
[WhiteElo "1687"]
[BlackElo "1511"]
[PlyCount "159"]
[EventDate "2023.07.06"]
[EventType "tourn (blitz)"]
[EventRounds "15"]
[EventCountry "ESA"]
[SourceTitle "CBM 215 Extra"]
[Source "ChessBase"]
[SourceDate "2023.09.30"]
[SourceVersion "1"]
[SourceVersionDate "2023.09.30"]
[SourceQuality "1"]
[WhiteTeam "Dominican Republic"]
[BlackTeam "Barbados"]
[WhiteTeamCountry "DOM"]
[BlackTeamCountry "BAR"]

1. e4 c5 2. Nf3 g6 3. d4 cxd4 4. Nxd4 Nc6 5. Nxc6 bxc6 6. Bc4 Bg7 7. 0-0 d6 8. Re1 Qc7 9. Nc3 Nf6 10. h3 0-0 11. Bb3 Bb7 12. Be3 Rad8 13. Qd2 a6 14. Bh6 c5 15. Bxg7 Kxg7 16. Nd5 Nxd5 17. exd5 Kg8 18. c3 c4 19. Bc2 Qc5 20. Be4 Ba8 21. Bf3 Rfe8 22. b4 cxb3 23. axb3 Rc8 24. c4 a5 25. Rxa5 Qb6 26. Qc3 Rb8 27. Rea1 Bb7 28. Rb5 Qc7 29. Ra7 Qc8 30. Qb4 Ba8 31. Rxb8 Qxb8 32. Qxb8 Rxb8 33. Rxe7 Rxb3 34. Re8+ Kg7 35. Rxa8 Rc3 36. Rc8 Rc1+ 37. Kh2 Rc2 38. Kg3 Kf6 39. Rc6 Ke5 40. Rc7 f5 41. h4 f4+ 42. Kh3 Rxf2 43. c5 dxc5 44. Rxc5 Kd6 45. Rc6+ Kd7 46. d6 Rd2 47. Ra6 Rxd6 48. Bg4+ Ke7 49. Rxd6 Kxd6 50. Bf3 Ke5 51. Kg4 Kf6 52. Kxf4 h6 53. g4 g5+ 54. Kg3 Ke5 55. Bc6 Kf6 56. Be8 Ke5 57. hxg5 hxg5 58. Kf3 Kd4 59. Bf7 Ke5 60. Ke3 Kf6 61. Be8 Ke5 62. Bd7 Kd5 63. Be8 Ke5 64. Bf7 Kf6 65. Bb3 Ke5 66. Ba2 Kf6 67. Ke4 Kg6 68. Bd5 Kf6 69. Bc6 Kg6 70. Ke5 Kg7 71. Kf5 Kh6 72. Be8 Kg7 73. Kxg5 Kf8 74. Bd7 Kg7 75. Be6 Kf8 76. Kf6 Ke8 77. g5 Kf8 78. g6 Ke8 79. g7 Kd8 80. g8Q+ 1-0

[Event "Caribean-chT Rapid 24th"]
[Site "San Salvador"]
[Date "2023.07.05"]
[Round "15.2"]
[White "Ramirez Luzon, Franchesca"]
[Black "Castillo Beitia, Ashley Alexandra"]
[Result "1-0"]
[WhiteElo "1643"]
[BlackElo "1889"]
[PlyCount "59"]
[EventDate "2023.07.03"]
[EventType "tourn (rapid)"]
[EventRounds "15"]
[EventCountry "ESA"]
[SourceTitle "CBM 215 Extra"]
[Source "ChessBase"]
[SourceDate "2023.09.30"]
[SourceVersion "1"]
[SourceVersionDate "2023.09.30"]
[SourceQuality "1"]
[WhiteTeam "Dominican Republic"]
[BlackTeam "Panama"]
[WhiteTeamCountry "DOM"]
[BlackTeamCountry "PAN"]

1. e4 c5 2. Nf3 d6 3. Bb5+ Bd7 4. Bxd7+ Qxd7 5. c4 Nc6 6. 0-0 g6 7. d4 cxd4 8. Nxd4 Nf6 9. Nc3 Bg7 10. Re1 0-0 11. Nf3 Rac8 12. h3 Na5 13. b3 Nxe4 14. Nxe4 Bxa1 15. Bd2 Nxb3 16. axb3 Bg7 17. Bc3 b5 18. Bxg7 Kxg7 19. Qd4+ Kg8 20. Nc3 bxc4 21. Nd5 Rfe8 22. Rxe7 Qxe7 23. Nxe7+ Rxe7 24. bxc4 Rec7 25. Nd2 Rc6 26. Qxa7 Rd8 27. Qe7 Rcc8 28. Ne4 Rf8 29. Nxd6 Rc6 30. Nxf7 1-0

[Event "Caribean-chT Rapid 24th"]
[Site "San Salvador"]
[Date "2023.07.04"]
[Round "7.2"]
[White "Wijnhard, Joelle"]
[Black "Ramirez Luzon, Franchesca"]
[Result "1/2-1/2"]
[WhiteElo "1311"]
[BlackElo "1643"]
[PlyCount "115"]
[EventDate "2023.07.03"]
[EventType "tourn (rapid)"]
[EventRounds "15"]
[EventCountry "ESA"]
[SourceTitle "CBM 215 Extra"]
[Source "ChessBase"]
[SourceDate "2023.09.30"]
[SourceVersion "1"]
[SourceVersionDate "2023.09.30"]
[SourceQuality "1"]
[WhiteTeam "Surinam"]
[BlackTeam "Dominican Republic"]
[WhiteTeamCountry "SUR"]
[BlackTeamCountry "DOM"]

1. e4 c5 2. Nf3 d6 3. d4 cxd4 4. Nxd4 Nf6 5. Nc3 a6 6. Be3 e5 7. Nf3 Be7 8. Bc4 b5 9. Bd5 Nxd5 10. Nxd5 Nd7 11. 0-0 0-0 12. h3 Bb7 13. c3 Kh8 14. Re1 f5 15. exf5 Rxf5 16. Nh2 Rf8 17. Qd2 Nf6 18. Nxf6 Bxf6 19. Ng4 Be7 20. f3 Qc7 21. Kh1 Bh4 22. Bf2 Bxf2 23. Nxf2 d5 24. Re2 Rae8 25. Rae1 Rf7 26. Ng4 e4 27. fxe4 dxe4 28. Rf2 Rxf2 29. Qxf2 h6 30. Re3 Qc4 31. a3 Qe6 32. Qe2 Qg6 33. Nh2 Qe6 34. Ng4 Qf5 35. Nh2 Qg6 36. Ng4 Bc8 37. Nh2 h5 38. Qe1 Qf5 39. Qf1 Qd5 40. Qe2 Bb7 41. Qe1 Qg5 42. Rg3 Qf4 43. Re3 Rd8 44. Kg1 Bc6 45. Kh1 Rd3 46. Nf1 Rxe3 47. Nxe3 Qg5 48. Qe2 Qe5 49. Qf2 Qc5 50. Qe2 Be8 51. Qe1 Bg6 52. Qe2 Qd6 53. Qe1 Kg8 54. Kg1 Qd3 55. Kf2 Qd6 56. Kg1 Qf4 57. Qf2 Qd6 58. Qe1 1/2-1/2

[Event "Caribean-chT Rapid 24th"]
[Site "San Salvador"]
[Date "2023.07.03"]
[Round "2.2"]
[White "Ramirez Luzon, Franchesca"]
[Black "Morales Santos, Natasha"]
[Result "0-1"]
[WhiteElo "1643"]
[BlackElo "1876"]
[PlyCount "80"]
[EventDate "2023.07.03"]
[EventType "tourn (rapid)"]
[EventRounds "15"]
[EventCountry "ESA"]
[SourceTitle "CBM 215 Extra"]
[Source "ChessBase"]
[SourceDate "2023.09.30"]
[SourceVersion "1"]
[SourceVersionDate "2023.09.30"]
[SourceQuality "1"]
[WhiteTeam "Dominican Republic"]
[BlackTeam "Puerto Rico"]
[WhiteTeamCountry "DOM"]
[BlackTeamCountry "PUR"]

1. e4 c5 2. Nf3 d6 3. d4 cxd4 4. Nxd4 Nf6 5. Nc3 g6 6. Be3 Bg7 7. Be2 0-0 8. 0-0 Nc6 9. f4 d5 10. Nxc6 bxc6 11. e5 Nd7 12. Qd2 Nb6 13. Bc5 Nd7 14. Be3 a5 15. Na4 Ba6 16. Bxa6 Rxa6 17. Rad1 Qb8 18. c4 e6 19. Kh1 Qb4 20. Qxb4 axb4 21. Nc5 Nxc5 22. Bxc5 Rb8 23. a3 Bf8 24. axb4 Bxc5 25. bxc5 Rxb2 26. cxd5 exd5 27. Rb1 Rc2 28. Rbc1 Raa2 29. Rg1 Rf2 30. Rgf1 Rxg2 31. Rfd1 Rxh2+ 32. Kg1 Rhg2+ 33. Kh1 h5 34. Rd3 Rgc2 35. Rb1 Rxc5 36. Rg3 Rcc2 37. e6 Re2 38. exf7+ Kxf7 39. Rf3 Kf6 40. Rff1 Rh2+ 0-1

[Event "Caribean-chT Rapid 24th"]
[Site "San Salvador"]
[Date "2023.07.03"]
[Round "4.2"]
[White "Ramirez Luzon, Franchesca"]
[Black "Otazo Sanchez, Annyd Gabriela"]
[Result "0-1"]
[WhiteElo "1643"]
[BlackElo "1890"]
[PlyCount "88"]
[EventDate "2023.07.03"]
[EventType "tourn (rapid)"]
[EventRounds "15"]
[EventCountry "ESA"]
[SourceTitle "CBM 215 Extra"]
[Source "ChessBase"]
[SourceDate "2023.09.30"]
[SourceVersion "1"]
[SourceVersionDate "2023.09.30"]
[SourceQuality "1"]
[WhiteTeam "Dominican Republic"]
[BlackTeam "Venezuela"]
[WhiteTeamCountry "DOM"]
[BlackTeamCountry "VEN"]

1. e4 e5 2. Nf3 Nf6 3. d3 Nc6 4. c3 d5 5. exd5 Nxd5 6. Be2 Be7 7. 0-0 0-0 8. b4 a6 9. h3 h6 10. Re1 Be6 11. Bf1 Qd7 12. Qc2 f5 13. Nxe5 Nxe5 14. Rxe5 Bf6 15. Re1 Nxb4 16. Qe2 Rae8 17. Qd1 Nxa2 18. d4 c5 19. Rxe6 Qxe6 20. Qa4 b5 21. Qxa2 Qxa2 22. Rxa2 Re1 23. Rc2 cxd4 24. cxd4 Bxd4 25. Nd2 Bf6 26. Ba3 Rd8 27. Nf3 Ra1 28. Bb2 Bxb2 29. Rxb2 Rdd1 30. Nd2 b4 31. g3 a5 32. Kg2 Kf7 33. Bc4+ Kf6 34. f4 a4 35. Nf3 b3 36. Kf2 Rdc1 37. Nd4 Rxc4 38. Nxb3 axb3 39. Rxb3 Rc2+ 40. Kf3 Rc6 41. g4 g6 42. gxf5 gxf5 43. Kg3 Rca6 44. Rf3 R1a3 0-1

[Event "Central America-ch (Women) 24th"]
[Site "San Salvador"]
[Date "2023.01.21"]
[Round "7"]
[White "Jean Francois, Valencia"]
[Black "Ramirez Luzon, Franchesca"]
[Result "1/2-1/2"]
[WhiteElo "1324"]
[BlackElo "1708"]
[PlyCount "61"]
[EventDate "2023.01.21"]
[EventType "swiss"]
[EventRounds "11"]
[EventCountry "ESA"]
[SourceTitle "CBM 212 Extra"]
[Source "ChessBase"]
[SourceDate "2023.03.31"]
[SourceVersion "1"]
[SourceVersionDate "2023.03.31"]
[SourceQuality "1"]

1. e4 c5 2. Nf3 Nc6 3. Bc4 e6 4. Nc3 d6 5. d4 cxd4 6. Nxd4 Be7 7. Be3 a6 8. Nxc6 bxc6 9. 0-0 e5 10. f4 Nf6 11. fxe5 dxe5 12. Qxd8+ Bxd8 13. Bg5 0-0 14. Bxf6 Bxf6 15. Rf3 Rb8 16. b3 a5 17. Raf1 Be6 18. Bxe6 fxe6 19. Na4 Be7 20. Rxf8+ Bxf8 21. Rd1 Rb7 22. Rd8 Kf7 23. Kf1 Be7 24. Rc8 Rb4 25. Rxc6 Rxe4 26. g3 Rd4 27. Ke2 Re4+ 28. Kf2 Rd4 29. Ke2 Re4+ 30. Kd1 Rd4+ 31. Ke2 1/2-1/2

[Event "Central America-ch (Women) 24th"]
[Site "San Salvador"]
[Date "2023.01.21"]
[Round "6"]
[White "Ramirez Luzon, Franchesca"]
[Black "Brown, Raehanna"]
[Result "1-0"]
[WhiteElo "1708"]
[BlackElo "1590"]
[PlyCount "73"]
[EventDate "2023.01.21"]
[EventType "swiss"]
[EventRounds "11"]
[EventCountry "ESA"]
[SourceTitle "CBM 212 Extra"]
[Source "ChessBase"]
[SourceDate "2023.03.31"]
[SourceVersion "1"]
[SourceVersionDate "2023.03.31"]
[SourceQuality "1"]

1. e4 c5 2. Nc3 Nc6 3. Nge2 g6 4. d4 cxd4 5. Nxd4 Bg7 6. Be3 Nf6 7. Be2 0-0 8. 0-0 d5 9. Nxc6 bxc6 10. e5 Nd7 11. f4 e6 12. Na4 Qa5 13. Qd4 f6 14. Nc5 fxe5 15. fxe5 Rxf1+ 16. Rxf1 Bxe5 17. Nxd7 Bxd4 18. Rf8+ Kg7 19. Bxd4+ Kh6 20. Be3+ g5 21. c3 Bxd7 22. Rxa8 Qxa2 23. Rg8 Qb1+ 24. Kf2 Qf5+ 25. Ke1 Be8 26. h4 Bg6 27. hxg5+ Qxg5 28. Bxg5+ Kxg5 29. Kf2 c5 30. Rg7 Kf6 31. Rxa7 c4 32. Ra6 Ke5 33. Ke3 Bf5 34. g4 Bg6 35. Bf3 Bd3 36. b3 cxb3 37. Kxd3 1-0

[Event "Central America-ch (Women) 24th"]
[Site "San Salvador"]
[Date "2023.01.21"]
[Round "2"]
[White "Ramirez Luzon, Franchesca"]
[Black "Fuentes Godoy, Lilia Ivonne"]
[Result "0-1"]
[WhiteElo "1708"]
[BlackElo "2096"]
[PlyCount "26"]
[EventDate "2023.01.21"]
[EventType "swiss"]
[EventRounds "11"]
[EventCountry "ESA"]
[SourceTitle "CBM 212 Extra"]
[Source "ChessBase"]
[SourceDate "2023.03.31"]
[SourceVersion "1"]
[SourceVersionDate "2023.03.31"]
[SourceQuality "1"]

1. e4 c5 2. Nc3 Nc6 3. Nge2 g6 4. d4 cxd4 5. Nxd4 Bg7 6. Be3 d6 7. Bb5 Bd7 8. 0-0 Nf6 9. Re1 0-0 10. Nxc6 bxc6 11. Bf1 Ng4 12. Bc1 Qb6 13. Qf3 Qb7 0-1

[Event "Pan American-ch Hybrid U18 Girls 31st"]
[Site "Tornelo INT"]
[Date "2021.09.04"]
[Round "6"]
[White "Contreras Huaman, Fiorella Daiana"]
[Black "Ramirez Luzon, Franchesca"]
[Result "1-0"]
[WhiteElo "1937"]
[BlackElo "1823"]
[PlyCount "47"]
[EventDate "2021.09.04"]
[EventType "swiss"]
[EventRounds "9"]
[EventCountry "NET"]
[SourceTitle "EXT 2023"]
[Source "ChessBase"]
[SourceDate "2022.10.05"]
[SourceVersion "1"]
[SourceVersionDate "2022.10.05"]
[SourceQuality "1"]

1. e4 c5 2. Nc3 d6 3. g3 Nf6 4. Bg2 e6 5. Nge2 Be7 6. 0-0 0-0 7. h3 Nc6 8. d3 a6 9. f4 Rb8 10. g4 Ne8 11. Be3 b5 12. Ng3 Nc7 13. g5 d5 14. Nce2 Nd4 15. Nxd4 cxd4 16. Bxd4 dxe4 17. dxe4 f6 18. gxf6 Bxf6 19. c3 b4 20. e5 Bh4 21. Ne2 Qe7 22. c4 Bb7 23. Bxb7 Rxb7 24. Qc2 1-0

[Event "Pan American-ch Hybrid U18 Girls 31st"]
[Site "Tornelo INT"]
[Date "2021.09.04"]
[Round "2"]
[White "Perez Canete, Dora Romina"]
[Black "Ramirez Luzon, Franchesca"]
[Result "0-1"]
[WhiteElo "1398"]
[BlackElo "1823"]
[PlyCount "98"]
[EventDate "2021.09.04"]
[EventType "swiss"]
[EventRounds "9"]
[EventCountry "NET"]
[SourceTitle "EXT 2023"]
[Source "ChessBase"]
[SourceDate "2022.10.05"]
[SourceVersion "1"]
[SourceVersionDate "2022.10.05"]
[SourceQuality "1"]

1. e4 c5 2. d4 cxd4 3. c3 d3 4. Bxd3 g6 5. Nf3 Bg7 6. e5 d6 7. Bf4 dxe5 8. Nxe5 Nc6 9. Nxc6 bxc6 10. 0-0 Nf6 11. Qe2 0-0 12. Rd1 Qb6 13. h3 Nd5 14. Be5 Bxe5 15. Qxe5 Qxb2 16. Nd2 Qxc3 17. Qg3 Bf5 18. Nb3 Bxd3 19. Rxd3 Qf6 20. Rf3 Qd6 21. Qg4 Qe5 22. Rc1 Rad8 23. Nc5 Nf6 24. Qa4 Rd4 25. Qa6 Rfd8 26. Nd3 Qb5 27. Qxb5 cxb5 28. Ne5 Rd1+ 29. Rxd1 Rxd1+ 30. Kh2 Rd2 31. Ra3 Rxf2 32. Rxa7 Nd5 33. Kg3 Rc2 34. Rd7 Ne3 35. Kf3 Nc4 36. Nxc4 bxc4 37. Rxe7 Rxa2 38. Rc7 Rc2 39. h4 c3 40. g4 Rc1 41. Kf4 c2 42. Kg5 f6+ 43. Kh6 Rh1 44. Rc8+ Kf7 45. Rc7+ Ke6 46. Rxc2 Rxh4+ 47. Kg7 Rxg4 48. Rc6+ Ke5 49. Rxf6 h5 0-1

[Event "Pan American-ch Hybrid U18 Girls 31st"]
[Site "Tornelo INT"]
[Date "2021.09.04"]
[Round "7"]
[White "Ramirez Luzon, Franchesca"]
[Black "Velasquez Nava, Raquel"]
[Result "0-1"]
[WhiteElo "1823"]
[BlackElo "1316"]
[PlyCount "34"]
[EventDate "2021.09.04"]
[EventType "swiss"]
[EventRounds "9"]
[EventCountry "NET"]
[SourceTitle "EXT 2023"]
[Source "ChessBase"]
[SourceDate "2022.10.05"]
[SourceVersion "1"]
[SourceVersionDate "2022.10.05"]
[SourceQuality "1"]

1. e4 e6 2. d4 d5 3. e5 c5 4. c3 Nc6 5. Nf3 Qb6 6. Bd3 Bd7 7. 0-0 cxd4 8. cxd4 Nxd4 9. Nxd4 Qxd4 10. Qe2 Ne7 11. Nc3 Ng6 12. Nb5 Qxe5 13. Qf3 Bd6 14. g3 0-0 15. h4 Bxb5 16. Bxb5 Nxh4 17. Qb3 Nf5 0-1

[Event "Pan American-ch Hybrid U18 Girls 31st"]
[Site "Tornelo INT"]
[Date "2021.09.04"]
[Round "5"]
[White "Samuel Bisnath, Keira"]
[Black "Ramirez Luzon, Franchesca"]
[Result "0-1"]
[WhiteElo "1095"]
[BlackElo "1823"]
[PlyCount "104"]
[EventDate "2021.09.04"]
[EventType "swiss"]
[EventRounds "9"]
[EventCountry "NET"]
[SourceTitle "EXT 2023"]
[Source "ChessBase"]
[SourceDate "2022.10.05"]
[SourceVersion "1"]
[SourceVersionDate "2022.10.05"]
[SourceQuality "1"]

1. e4 c5 2. Nf3 Nc6 3. d4 cxd4 4. Nxd4 Qb6 5. Nb3 Nf6 6. Nc3 e6 7. Be2 Bb4 8. Be3 Qc7 9. Bd3 d5 10. exd5 Nxd5 11. Qd2 Qe5 12. 0-0-0 Nxc3 13. bxc3 Bxc3 14. Qe2 Bb2+ 15. Kb1 Ba3 16. Bc1 Bxc1 17. Kxc1 Qxe2 18. Bxe2 Nb4 19. Bb5+ Ke7 20. Kb2 a6 21. Be2 Bd7 22. f4 Rac8 23. c3 Nd5 24. g3 Nxc3 25. Rd2 Nxe2 26. Rxe2 Bc6 27. Rhe1 g6 28. Re3 h5 29. h3 Rcd8 30. Kc3 Rd5 31. Nd4 Rc8 32. Nxc6+ Rxc6+ 33. Kb2 Rd2+ 34. Ka1 Rcc2 35. Ra3 Kd6 36. Rb1 Kc6 37. Ra5 Rh2 38. h4 Rc3 39. Ra4 Rxg3 40. Rc4+ Kd5 41. Rbc1 b6 42. R4c2 Rxh4 43. Re2 Rxf4 44. Rd1+ Rd4 45. Rxd4+ Kxd4 46. Rf2 Kc3 47. Rb2 Rg1+ 48. Rb1 Rxb1+ 49. Kxb1 h4 50. a4 h3 51. Kc1 h2 52. a5 h1Q# 0-1

[Event "Online Olym Div3 D"]
[Site "Chess.com INT"]
[Date "2021.08.29"]
[Round "8.4"]
[White "Ramirez Luzon, Franchesca"]
[Black "Dutt, Lakshita"]
[Result "1-0"]
[WhiteElo "1743"]
[BlackElo "1715"]
[PlyCount "50"]
[EventDate "2021.08.27"]
[EventType "team-tourn (rapid)"]
[EventRounds "9"]
[EventCountry "USA"]
[SourceTitle "CBM 204 Extra"]
[Source "ChessBase"]
[SourceDate "2021.11.30"]
[SourceVersion "1"]
[SourceVersionDate "2021.11.30"]
[SourceQuality "1"]
[WhiteTeam "Dominican Republic"]
[BlackTeam "Malawi"]
[WhiteTeamCountry "DOM"]
[BlackTeamCountry "MWI"]

1. e4 e5 2. Nf3 Nc6 3. Bb5 a6 4. Ba4 Nf6 5. 0-0 b5 6. Bb3 Bc5 7. d3 d6 8. c3 0-0 9. h3 Bb7 10. Be3 Bb6 11. Nbd2 h6 12. d4 exd4 13. cxd4 Nh7 14. Rc1 Kh8 15. Bd5 Na5 16. b4 Nc4 17. Nxc4 Bxd5 18. Nxb6 cxb6 19. exd5 Nf6 20. Nh4 Nxd5 21. Qh5 Qd7 22. Qxd5 Rac8 23. Qh5 Qe6 24. d5 Qe4 25. Nf5 Kg8 1-0

[Event "DOM-ch (Women)"]
[Site "Santo Domingo"]
[Date "2021.04.16"]
[Round "5"]
[White "Hazim Gonzalez, Elizabeth"]
[Black "Ramirez Luzon, Franchesca"]
[Result "1-0"]
[WhiteElo "1731"]
[BlackElo "1694"]
[PlyCount "67"]
[EventDate "2021.04.09"]
[EventType "swiss"]
[EventRounds "8"]
[EventCountry "DOM"]
[SourceTitle "CBM 202 Extra"]
[Source "ChessBase"]
[SourceDate "2021.07.31"]
[SourceVersion "1"]
[SourceVersionDate "2021.07.31"]
[SourceQuality "1"]

1. e4 c5 2. Nc3 Nc6 3. f4 d6 4. Nf3 g6 5. Bc4 Bg7 6. d3 Nf6 7. 0-0 0-0 8. Qe1 Na5 9. Bb3 Nxb3 10. axb3 a6 11. Qh4 b5 12. f5 b4 13. Ne2 e6 14. h3 exf5 15. exf5 Qb6 16. Kh2 Bxf5 17. Bh6 d5 18. Ng5 Qd6+ 19. Kg1 Rfe8 20. Bxg7 Rxe2 21. Bxf6 Qxf6 22. g4 Qd4+ 23. Kh1 h5 24. Nf3 Qf4 25. gxf5 Rh2+ 26. Kg1 Qxh4 27. Nxh4 Rxh3 28. Nf3 Rg3+ 29. Kh2 Rg4 30. fxg6 fxg6 31. Rg1 Rf4 32. Rxg6+ Kh7 33. Rg3 Raf8 34. Ng5+ 1-0

[Event "La Vega op 3rd"]
[Site "La Vega"]
[Date "2019.08.24"]
[Round "7"]
[White "Gamboa Alvarado, Olga Leticia"]
[Black "Ramirez Luzon, Franchesca"]
[Result "1-0"]
[WhiteElo "1973"]
[BlackElo "1729"]
[PlyCount "67"]
[EventDate "2019.08.20"]
[EventType "swiss"]
[EventRounds "9"]
[EventCountry "DOM"]
[SourceTitle "EXT 2020"]
[Source "ChessBase"]
[SourceDate "2019.10.17"]
[SourceVersion "1"]
[SourceVersionDate "2019.10.17"]
[SourceQuality "1"]

1. d4 Nf6 2. c4 g6 3. Nc3 Bg7 4. e4 d6 5. f3 0-0 6. Be3 e5 7. d5 a5 8. Qd2 Na6 9. Bd3 Nc5 10. Bc2 c6 11. b3 Qe7 12. Rd1 cxd5 13. Nxd5 Nxd5 14. Qxd5 Ra6 15. Ne2 Be6 16. Qd2 f5 17. 0-0 f4 18. Bf2 g5 19. Nc3 g4 20. Nd5 Qg5 21. Nc7 Rc6 22. Bxc5 dxc5 23. Nxe6 Rxe6 24. Qd5 Rfe8 25. Qxb7 gxf3 26. Rxf3 Rg6 27. Qd5+ Ree6 28. Qd8+ Qxd8 29. Rxd8+ Bf8 30. Rd5 Rg5 31. Bd3 Reg6 32. Bf1 Rd6 33. Kf2 Rgg6 34. Rfd3 1-0

[Event "DOM-ch (Women)"]
[Site "Santo Domingo"]
[Date "2019.03.09"]
[Round "7"]
[White "Ramirez Luzon, Franchesca"]
[Black "Hazim Gonzalez, Elizabeth"]
[Result "1-0"]
[WhiteElo "1630"]
[BlackElo "1759"]
[PlyCount "85"]
[EventDate "2019.03.01"]
[EventType "swiss"]
[EventRounds "8"]
[EventCountry "DOM"]
[SourceTitle "CBM 189 Extra"]
[Source "ChessBase"]
[SourceDate "2019.06.03"]
[SourceVersion "1"]
[SourceVersionDate "2019.06.03"]
[SourceQuality "1"]

1. e4 c5 2. Nc3 Nc6 3. d3 g6 4. g3 Bg7 5. Bg2 d6 6. f4 e6 7. Nf3 Nge7 8. 0-0 0-0 9. Be3 Rb8 10. Qd2 Nd4 11. Rab1 b5 12. Ne2 Nxf3+ 13. Rxf3 Qc7 14. g4 f5 15. gxf5 exf5 16. Ng3 a5 17. h4 b4 18. h5 Be6 19. b3 a4 20. Bh3 axb3 21. axb3 Ra8 22. exf5 Bxf5 23. Nxf5 Nxf5 24. hxg6 hxg6 25. Bxf5 Rxf5 26. Qg2 Raf8 27. Qxg6 R5f6 28. Qg2 Qf7 29. Rg3 Rf5 30. Kf2 Rh5 31. Rg1 Rh7 32. Rg6 Qe7 33. Qd5+ Kh8 34. Rh1 Rxh1 35. Qxh1+ Kg8 36. Qd5+ Kh8 37. Qxd6 Qh4+ 38. Kf3 Qh1+ 39. Kf2 Qh2+ 40. Rg2 Qh4+ 41. Kf1 Qh1+ 42. Bg1 Qh4 43. Rh2 1-0

[Event "DOM-ch (Women)"]
[Site "Santo Domingo"]
[Date "2019.03.02"]
[Round "2"]
[White "Ramirez Luzon, Franchesca"]
[Black "Villar Acevedo, Darlin Rocio"]
[Result "0-1"]
[WhiteElo "1630"]
[BlackElo "1732"]
[PlyCount "66"]
[EventDate "2019.03.01"]
[EventType "swiss"]
[EventRounds "8"]
[EventCountry "DOM"]
[SourceTitle "CBM 189 Extra"]
[Source "ChessBase"]
[SourceDate "2019.06.03"]
[SourceVersion "1"]
[SourceVersionDate "2019.06.03"]
[SourceQuality "1"]

1. e4 c6 2. d4 d5 3. Nc3 dxe4 4. Nxe4 Bf5 5. Ng3 Bg6 6. h4 h6 7. Nf3 Nd7 8. h5 Bh7 9. Bd3 Bxd3 10. Qxd3 Ngf6 11. Bf4 e6 12. 0-0-0 Be7 13. Rde1 a5 14. Re2 c5 15. Rhe1 0-0 16. Nf5 exf5 17. Rxe7 Nd5 18. Bd6 Nxe7 19. Bxe7 Qc7 20. Bxf8 Nxf8 21. d5 Qf4+ 22. Qe3 Qc4 23. Qb3 Qf4+ 24. Re3 Re8 25. g3 Qb8 26. Rxe8 Qxe8 27. Qxb7 Qe2 28. d6 Qf1+ 29. Kd2 Qxf2+ 30. Kd3 Qxg3 31. d7 Qd6+ 32. Kc4 Nxd7 33. Qd5 Nb6+ 0-1

[Event "Santo Domingo Independencia op 8th"]
[Site "Santo Domingo"]
[Date "2019.02.16"]
[Round "3"]
[White "Ramirez Luzon, Franchesca"]
[Black "Ventura Ruiz, Jonathan Leonardo"]
[Result "1-0"]
[WhiteElo "1630"]
[BlackElo "1893"]
[PlyCount "91"]
[EventDate "2019.02.15"]
[EventType "swiss"]
[EventRounds "8"]
[EventCountry "DOM"]
[SourceTitle "CBM 189 Extra"]
[Source "ChessBase"]
[SourceDate "2019.06.03"]
[SourceVersion "1"]
[SourceVersionDate "2019.06.03"]
[SourceQuality "1"]

1. e4 d6 2. d4 Nf6 3. Nc3 c6 4. Nf3 b5 5. a3 Bg4 6. d5 a6 7. Be2 e5 8. dxe6 fxe6 9. Ng5 Bxe2 10. Qxe2 Qd7 11. e5 h6 12. exf6 hxg5 13. Bxg5 Qf7 14. fxg7 Bxg7 15. Ne4 Qd7 16. 0-0-0 0-0 17. Rxd6 Qf7 18. Qg4 Qf5 19. Qxf5 exf5 20. Nc5 Be5 21. Rd3 Ra7 22. f4 Bg7 23. Rhd1 a5 24. Rd8 Na6 25. Rxf8+ Bxf8 26. Nxa6 Rxa6 27. Rd7 c5 28. Rd5 b4 29. a4 Re6 30. Kd2 Bg7 31. c3 Rc6 32. Rxf5 Rd6+ 33. Kc2 Re6 34. Kd3 Bf8 35. Rd5 Re1 36. Bd8 Ra1 37. Bxa5 Rxa4 38. cxb4 cxb4 39. b3 Ra2 40. Rb5 Rb2 41. Bxb4 Rxb3+ 42. Kc4 Rb1 43. Rb8 Rc1+ 44. Kd3 Rb1 45. Rxf8+ Kg7 46. Kc4 1-0